01007nam a2200265Ia 4500001001100000003000800011006001900019007001500038008004100053040002100094035002000115050002600135100001100161245007600172260004400248300001000292533015200302650003400454650003300488655002900521700003400550710001700584856012500601999001500726ebr5000789CaPaEBRm u cr cn|||||||||010321s2001 vau s 000 0 eng d aCaPaEBRcCaPaEBR a(OCoLC)5072773314aPA4279.M4bP53 2001eb0 aPlato.10aMenoh[electronic resource] /cby Plato; translated by Benjamin Jowett. aBlacksburg, VA :bVirginia Tech,c2001. a33 p. aElectronic reproduction.bPalo Alto, Calif. :cebrary,d2010.nAvailable via World Wide Web.nAccess may be limited to ebrary affiliated libraries. 0aVirtuesvEarly works to 1800. 0aEthicsvEarly works to 1800. 7aElectronic books.2local1 aJowett, Benjamin,d1817-1893.2 aebrary, Inc.40uhttp://site.ebrary.com/lib/rucke/Doc?id=5000789zAn electronic book accessible through the World Wide Web; click to view c2981d2981